00649 2200241 4500001002100000005001500021035002000036245005100056100002300107250001000130300003000140700003400170264004500204336002100249337002000270338001800290082001400308084002000322020002200342650001000364650002000374990001300394INLIS00000000000237420250811011727 a0010-08250001041 aNegeri 5 Menara :bMan Jadda Wajada /cA.Fuadi0 aA.FuadiePengarang aCet.1 aii, 423 hlm :b- ;c20 cm0 aMirna YulistiantiePenyunting aJakarta :bGramedia Pustaka Utama,c2009 2rdacontentaTeks 2rdamediaaCetak 2rdacarriera- a899.221 3 a899.221 3 FUA n a978-979-22-8004-3 4aNovel 4aFiksi Indonesia a25000585